|
|
|
|
| LEADER |
00000nam0a2200000 4500 |
| 001 |
328019 |
| 005 |
20231102004022.0 |
| 035 |
|
|
|a (RuTPU)RU\TPU\book\353708
|
| 090 |
|
|
|a 328019
|
| 100 |
|
|
|a 20170209d1975 km y0rusy50 ca
|
| 101 |
0 |
|
|a rus
|
| 102 |
|
|
|a RU
|
| 105 |
|
|
|a a z 001zy
|
| 200 |
1 |
|
|a Конструкционные карбидокремниевые материалы
|f А. П. Гаршин [и др.]
|
| 210 |
|
|
|a Ленинград
|c Машиностроение
|d 1975
|
| 215 |
|
|
|a 151 с.
|c ил.
|
| 320 |
|
|
|a Библиогр.: с. 149-150
|
| 606 |
1 |
|
|a Детали машин карбидокремниевые
|2 stltpush
|3 (RuTPU)RU\TPU\subj\9255
|9 36531
|
| 610 |
1 |
|
|a карбидокремниевые материалы
|
| 610 |
1 |
|
|a конструкционные материалы
|
| 610 |
1 |
|
|a изделия
|
| 610 |
1 |
|
|a реакционное спекание
|
| 610 |
1 |
|
|a горячее прессование
|
| 610 |
1 |
|
|a механическая обработка
|
| 610 |
1 |
|
|a свойства
|
| 610 |
1 |
|
|a применение
|
| 610 |
1 |
|
|a характеристики
|
| 675 |
|
|
|a 621.81-03
|v 4
|
| 701 |
|
1 |
|a Гаршин
|b А. П.
|g Анатолий Петрович
|
| 701 |
|
1 |
|a Карлин
|b В. В.
|g Виктор Васильевич
|
| 701 |
|
1 |
|a Олейник
|b Г. С.
|g Галина Сергеевна
|
| 701 |
|
1 |
|a Островерхов
|b В. И.
|g Василий Иванович
|
| 801 |
|
1 |
|a RU
|b 63413507
|c 20170209
|
| 801 |
|
2 |
|a RU
|b 63413507
|c 20170210
|g RCR
|
| 942 |
|
|
|c BK
|